Безопасность жизнедеятельности: лабораторный комплекс с онлайн-доступом; Исследование сопротивления тела человека; Исследование шумов в производственных помещениях

Bibliographic Details
Main Author: Сечин А. А. Андрей Александрович
Corporate Author: Национальный исследовательский Томский политехнический университет (570)
Other Authors: Мезенцева И. Л. Ирина Леонидовна
Summary:Интерактивный мультимедиа ресурс
AM_Login_TPU
Language:Russian
Published: Томск, 2024
TOC:Исследование сопротивления тела человека;
Исследование шумов в производственных помещениях;
Series:Цифровые образовательные ресурсы. Виртуальная лаборатория
Subjects:
Online Access:Исследование сопротивления тела человека
Исследование шумов в производственных помещениях
Format: Electronic Book
KOHA link:https://koha.lib.tpu.ru/cgi-bin/koha/opac-detail.pl?biblionumber=678148

MARC

LEADER 00000nlm0a2200000 4500
001 678148
005 20250401123345.0
090 |a 678148 
100 |a 20250115d2024 m||y0rusy50 ca 
101 0 |a rus 
102 |a RU 
135 |a ircna---uucaa 
181 0 |a m   |b  e  
182 0 |a b 
183 0 |a cr  |2 RDAcarrier 
200 1 |a Безопасность жизнедеятельности  |e лабораторный комплекс с онлайн-доступом  |f А. А. Сечин, И. Л. Мезенцева  |g Национальный исследовательский Томский политехнический университет 
203 |a Текст  |a Изображение  |b визуальный  |c электронный 
210 1 |a Томск  |d 2024 
225 1 |a Цифровые образовательные ресурсы. Виртуальная лаборатория 
283 |a online_resource  |2 RDAcarrier 
336 |a Интерактивный мультимедиа ресурс 
371 0 |a AM_Login_TPU 
464 1 |t Исследование сопротивления тела человека 
464 1 |t Исследование шумов в производственных помещениях 
606 1 |a Безопасность жизнедеятельности  |9 51540 
610 1 |a тело человека 
610 1 |a сопротивление 
610 1 |a производственные помещения 
610 1 |a шумы 
610 1 |a виртуальные лабораторные работы 
610 1 |a интерактивные модели лабораторных установок 
610 1 |a труды учёных ТПУ 
610 1 |a электронный ресурс 
675 |a 614.8(076.5)  |v 4 
700 1 |a Сечин  |b А. А.  |c специалист в области экологии и безопасности жизнедеятельности  |c доцент Томского политехнического университета, кандидат технических наук  |f 1974-  |g Андрей Александрович  |9 11892 
701 1 |a Мезенцева  |b И. Л.  |c специалист в области экологии и безопасности жизнедеятельности  |c старший преподаватель Томского политехнического университета  |f 1985-  |g Ирина Леонидовна  |y Томск  |9 15967 
712 0 2 |a Национальный исследовательский Томский политехнический университет  |c (2009- )  |4 570  |9 26305 
801 0 |a RU  |b 63413507  |c 20250115 
830 |a ЦОР2025 
850 |a 63413507 
856 4 |u https://portal.tpu.ru/ceor/vlabs/101  |z Исследование сопротивления тела человека 
856 4 |u https://portal.tpu.ru/ceor/vlabs/102  |z Исследование шумов в производственных помещениях 
942 |c CF